| 000 | 00663nam a22001931c 4500 | ||
|---|---|---|---|
| 001 | a987684249 | ||
| 008 | 051017s1990 gw |||| 000u ger d | ||
| 020 |
_a3525824750 _93-525-82475-0 |
||
| 041 | _ager | ||
| 100 | 1 | _aDiesner, Hans-Joachim | |
| 245 | 0 | 0 |
_aStimmen zu Krieg und Frieden im Renaissance-Humanismus / _cvon Hans-Joachim Diesner |
| 264 |
_aGöttingen : _bVandenhoeck & Ruprecht, _c1990 |
||
| 300 | _a101 S. | ||
| 500 | _aQuellen- und Literaturverz. S. [96] - 101 | ||
| 942 | _cMG | ||
| 040 | _cRU-10907106 | ||
| 003 | RU-10907106 | ||
| 999 |
_c4049 _d4049 |
||
| 490 | 0 |
_aAbhandlungen der Akademie der Wissenschaften in Göttingen : Philologisch-historische Klasse _vFolge 3, 188 |
|